Матерiяли до Української бiблиоѓрафiї. Т. 5: Бiблиоѓрафiя українознавства за 1914-1923 рр. (Запись № 12895481)
[ простой вид ]
| 000 -МАРКЕР | |
|---|---|
| контрольное поле | 01254nam2a2200241 4500 |
| 001 - ИДЕНТИФИКАТОР ЗАПИСИ | |
| контрольное поле | RU\NLR\BIBL_A\022152002 |
| 005 - ИДЕНТИФИКАТОР ВЕРСИИ | |
| контрольное поле | 20250625141909.0 |
| 035 ## - ДРУГИЕ СИСТЕМНЫЕ НОМЕРА | |
| Идентификатор записи | (NLR Aleph) 022152002 |
| 100 ## - ДАННЫЕ ОБЩЕЙ ОБРАБОТКИ | |
| Данные общей обработки | 20240228d1924 |||y0rusy50 ca |
| 101 0# - ЯЗЫК РЕСУРСА | |
| Язык текста, звукозаписи и т.д. | украинский |
| 102 ## - СТРАНА ПУБЛИКАЦИИ ИЛИ ПРОИЗВОДСТВА | |
| Страна публикации | Российская Федерация |
| 105 ## - ПОЛЕ КОДИРОВАННЫХ ДАННЫХ: ТЕКСТОВЫЕ МАТЕРИАЛЫ, МОНОГРАФИЧЕСКИЕ | |
| Кодированные данные о монографическом текстовом документе | y ag 000yy |
| 200 1# - ЗАГЛАВИЕ И СВЕДЕНИЯ ОБ ОТВЕТСТВЕННОСТИ | |
| Основное заглавие | Бiблиоѓрафiя українознавства за 1914-1923 рр. |
| Обозначение и номер части | вип. 1 |
| Наименование части | Iсторiя України |
| Первые сведения об ответственности | зiбрав Iван Калинович |
| 210 ## - ПУБЛИКАЦИЯ, РАСПРОСТРАНЕНИЕ И ДР. | |
| Дата издания, распространения и т.д. | 1924 |
| Место издания, распространения и т.д. | Б. м. |
| 215 ## - ФИЗИЧЕСКАЯ ХАРАКТЕРИСТИКА | |
| Специфическое обозначение материала и объем | 59 с. |
| 461 #0 - УРОВЕНЬ НАБОРА | |
| Встроенное поле | 001RU\NLR\BIBL_A\022152005 |
| -- | 2001#$aМатерiяли до Української бiблиоѓрафiї$fвидає Бiблиоѓрафiчна комiсiя наукова товариства iмени Шевченка$vТ. 5 |
| Системный номер (АБИС) связанной записи | 12895490 |
| Место публикации | У Львовi |
| Дата публикации | 1924- |
| Первые сведения об ответственности | видає Бiблиоѓрафiчна комiсiя наукова товариства iмени Шевченка |
| Имя издателя, распространителя и т.д. | З друкарнi Товариства iмени Шевченка |
| Заглавие | Матерiяли до Української бiблиоѓрафiї |
| Номер тома | Т. 5 |
| 702 #1 - ИМЯ ЛИЦА - ВТОРИЧНАЯ ОТВЕТСТВЕННОСТЬ | |
| Начальный элемент ввода | Калинович |
| Часть имени, кроме начального элемента ввода | I. |
| Расширение инициалов личного имени | Iван |
| Код отношения | Составитель |
| 852 ## - МЕСТОНАХОЖДЕНИЕ И ШИФР ХРАНЕНИЯ | |
| Идентификатор организации | NLR |
| Шифр хранения (Call Number) | с407Укр-420/К-17 |
| 942 ## - ДОПОЛНИТЕЛЬНЫЕ ЭЛЕМЕНТЫ ЗАПИСИ (АБИС) | |
| Тип экземпляра АБИС | Книга |
| 980 ## - КОЛЛЕКЦИЯ | |
| Название коллекции | Национальная библиография |
| Тип экземпляра | Дата поступления | Библиотека постоянного хранения | Библиотека текущего хранения | Место хранения | Шифр хранения | Штрих-код | Статус экземпляра |
|---|---|---|---|---|---|---|---|
| Книга | 06.03.2024 | РНБ (Московский) | РНБ (Московский) | Центральная справочная библиотека | с407Укр-420/К-17 | 1-4315219 |